000 00973cam a2200217 4500
001 WB3911-12
008 030319n2003 000 0 eng u
035 _a(Sirsi) u121691
245 _aAgriculture in the United Kingdom 2002
260 _c2003
490 _aDEFRA News Release
_v(100/03) 18 March 2003 (1)
520 _aDEFRA publishes Agriculture in the United Kingdom 2002 which describes agricultural and environmental developments during 2002. This reports on each of the main agricultural commodities and containsinformation on agricultural incomes. For the DEFRA news release: http://www.defra.gov.uk/news/2003/030318c.htm The publication is available on the internet at: http://www.defra.gov.uk/esg/work_htm/publications/cf/fiuk/fiuk.htm
590 _aWB
650 _aAGRICULTURE
650 _aCOMMODITIES
650 _aFARM INCOMES
650 _aFARM BUSINESS USE
650 _aLIABILITIES
690 _aRURAL-AGRICULTURE AND FORESTRY
942 _n0
999 _c72324
_d72324